|
|
|
|
| LEADER |
00000nab a2200000 a 4500 |
| 001 |
vtls010288889 |
| 003 |
SK-MaSNL |
| 005 |
20260318114327.0 |
| 008 |
110627c2011 xo mr p 000 c0ukr |
| 015 |
|
|
|a SNBRB2011/06
|
| 038 |
|
|
|a SVKPOCL
|
| 040 |
|
|
|a SVKPOCL
|b slo
|c SVKPOCL
|e AACR2
|
| 041 |
0 |
|
|a ukr
|
| 044 |
|
|
|a xo
|c SK
|
| 080 |
|
|
|a 821.162.4-32=161.2
|x (082.2)
|2 2001
|
| 080 |
|
|
|a 811.161.2'25
|2 2001
|
| 245 |
0 |
0 |
|a Novyny našoji rodyny
|b prezentacija «Tajiny»
|c [avtor] (r)
|
| 300 |
|
|
|b Fotogr.
|
| 500 |
|
|
|a Ivan Jackanin je prekladateľom slovenských textov do ukrajinčiny
|
| 610 |
1 |
7 |
|a Ukrajina.
|b Posoľstvo (Slovensko).
|b Generálny konzulát v Prešove
|2 svkpocl
|9 185277
|
| 630 |
0 |
7 |
|a Tajina (antológia)
|2 svkpocl
|9 1510897
|
| 648 |
|
7 |
|a 25.5.2011
|2 svkpocl
|9 1628818
|
| 650 |
0 |
7 |
|a slovenská literatúra
|2 svkpocl
|9 1115
|
| 650 |
0 |
7 |
|a slovenská próza
|2 svkpocl
|9 1206
|
| 650 |
0 |
7 |
|a antológie
|2 svkpocl
|9 102524
|
| 650 |
0 |
7 |
|a preklady do ukrajinčiny
|2 svkpocl
|9 65885
|
| 651 |
|
7 |
|a Ukrajina
|2 svkpocl
|9 168045
|
| 655 |
|
7 |
|a prezentácie
|2 svkpocl
|9 410921
|
| 700 |
1 |
|
|a Jackanin, Ivan,
|d 1950-
|4 trl
|9 103637
|
| 740 |
0 |
2 |
|a Antolohija slovac'koji maloji prozy
|
| 773 |
0 |
|
|t Veselka
|g Rič. [62], č. 10 (2010/2011), s. 6
|x 1337-6314
|
| 852 |
|
|
|a SVKPO
|b KIS3GCP
|
| 856 |
4 |
1 |
|u www.rusini-ukrajinci.tym.sk
|
| 958 |
|
|
|a UK
|
| 958 |
|
|
|a LX
|
| 958 |
|
|
|a SK
|
| 999 |
|
|
|c 3362011
|d 3363941
|